000 00815nam a2200217 i 4500
001 bg
245 1 0 _aBiblioteka Wydawnicza KPWiG [Dokument elektroniczny] /
_cKomisja Papierów Wartościowych i Giełd.
254 _aDane tekstowe
260 _aWarszawa :
_bKPWiG,
_c2005.
300 _a1 dysk optyczny (CD-ROM) ;
_c12 cm.
500 _aTyt. z etykiety dysku.
500 _aWymagania systemowe: IBM PC; Windows 98 lub nowsze; Internet Explorer; Acrobat Reader; czytnik CD-ROM.
610 2 9 _aBiblioteka Wydawnicza Komisji Papierów Wartościowych i Giełd (Warszawa)
_xzbiory
655 _aKatalogi
710 _aKomisja Papierów Wartościowych i Giełd (Warszawa)
040 _cBPK
041 0 _apol
080 _a336.76(083.8):017.1/.2(438)
942 _cCD
008 s pl f |000 0 pol
999 _c24069
_d24069
856 _uhttp://koha.tu.koszalin.pl/cgi-bin/koha/opac-detail.pl?biblionumber=24069
_yKatalog online BPK